000 01478nam a22004097a 4500
003 CHAP
005 20220329134712.0
008 971013s1995 co r 10010 d
010 _a24461
011 _a25433
035 _a29533
040 _cCHAP
082 _a633.68063
_bI5 1994
111 0 0 _aInternational Scientific Meeting Cassava Biotechnology Network (
_n2
_d: 1994
_c: Bogor, Indonesia)
_959785
245 1 _aProceeding
260 _aCali, Colombia :
_bCentro Internacional de Agricultura Tropical,
_c1995
300 _a2 v.
_b: ilus. ; gráfs.
490 0 _aDocumento de trabajo
_v; 150
590 _aBATCH-UPD
_b10
_c20130110
_lUCH01
_h0024
590 _aBATCH-UPD
_b10
_c20130110
_lUCH01
_h1957
590 _aBATCH-UPD
_b10
_c20130409
_lUCH01
_h2005
590 _aBATCH-UPD
_b10
_c20130410
_lUCH01
_h1318
590 _aBATCH-UPD
_b10
_c20130914
_lUCH01
_h0640
590 _aCONVERSION
_b10
_c20130109
_lUCH01
_h1314
650 1 4 _aBiotecnología.
_912878
650 1 4 _aMicropropagación.
_975532
650 1 4 _aYuca
_xCongresos.
_9123279
650 1 4 _aYuca
_xGenética.
_9123286
650 1 4 _aYuca
_xGermoplasma.
_9123287
650 1 4 _aYuca
_xMejoramiento.
_9123290
650 1 4 _aYuca
_xPropagación.
_9123298
830 0 _aDocumento de trabajo
_v; 150
_933227
901 _aBK
942 _cLIBRO
949 _a633.68063 I5 1994
_bBC
_cLIBRO
_d33724000680351
_eLIBRO
_fv.2
_h91200
_i29533
_sb
949 _a633.68063 I5 1994
_bBC
_cLIBRO
_d33724000680484
_eLIBRO
_fv.1
_h92199
_i29533
_sb
999 _c24461
_d24461